RC Lens - le grand quiz - Statistiques

Statistiques générales
  • Ce quiz a été pris 122 fois
    30 depuis la dernière actualisation
  • Le résultat moyen est 34 sur 40
Statistiques - réponses
Question Réponse % Correct
Combien de Coupe de France a-t-il remporté ? 0
100%
Combien de championnats a remporté le club lensois ? 1
100%
Combien de compétitions européennes a gagné le club ? 1
100%
À combien de points du PSG ? 1
100%
Quelle chanson célèbre est chantée à la mi-temps de tout les matchs à domicile par les supporters ? Les Corons
100%
Quelle équipe affronte le RC Lens lors du Derby du Nord ? Lille OSC
100%
En quelle année le RC Lens remporte la Ligue 1 ? 1998
96%
Qui est coach du club lensois de 2020 à 2024 ? Franck Haise
96%
Qui est actuellement l’équipementier du club ? Puma
96%
Quel champion du monde 2018 est formé au club, y jouera une saison avant d'être transféré au Real Madrid ? Raphaël Varane
96%
En quelle année le club a-t-il été fondé ? 1906
92%
Lors de quelle saison le club lensois finit deuxième de Ligue 1 ? 2022/23
92%
Quel cador anglais le RC Lens vaincra-t-il à domicile (2-1) ? Arsenal
92%
De quel pays vient Kévin Danso, roc de la défense lensoise ? Autriche
92%
Quelle compétition le stade du club accueille à l'été 2016 ? Euro
92%
Dans quelle région Lens est-elle située ? Hauts-de-France
92%
Quel ancien Ballon d'or français prend sa suite sur le banc ? Jean-Pierre Papin
92%
Cette place lui permet de retrouver quelle compétition européenne ? Ligue des champions
92%
Qui en est son interprète ? Pierre Bachelet
92%
En quelle année le RC Lens remporte sa seule Coupe de la Ligue ? 1999
88%
En quelle année le RC Lens fait son grand retour en Ligue 1 ? 2020
88%
Quel président historique du club (1988-2012 et 2013-2017) est devenu une figure du RC Lens ? Gervais Martel
88%
Quel entraîneur mythique de l'AJ Auxerre prend en main le club en 2007, avant de démissionner 2 mois plus tard ? Guy Roux
88%
Quel arrière droit international français, passé par le monde amateur, a explosé au sein du club ? Jonathan Clauss
88%
Comment se nomme le stade du RC Lens ? Stade Bollaert-Delelis
88%
Qui est actuellement le coach du RC Lens ? Will Still
88%
Qui est le joueur le plus capé de l’histoire du club avec 590 matchs joués ? Éric Sikora
84%
Quel est le prénom de Sotoca, numéro 7 du club ? Florian
84%
Quelles étaient les deux premières couleurs de maillot du RC Lens ? Vert et noir
84%
Qui est actuellement capitaine du RC Lens ? Brice Samba
80%
Quel buteur et vainqueur de l'Euro en 1984, a joué pour le club (son nom de famille est un chiffre !) ? Didier Six
80%
Qui est actuellement le sponsor maillot du club ? Auchan
76%
Le club est champion en étant premier ex-aequo : avec quelle équipe sera-t-il départagé au goal average ? FC Metz
76%
Lors de quelle fête célébrant la sainte patronne des mineurs, le club porte-t-il une tenue spéciale pour l’événement ? Sainte Barbe
76%
Quelle équipe allemande les éliminera lors des 16èmes de finale d’Europa league ? SC Fribourg
76%
Qui rachète le club en 2016 avant d’en devenir président en 2018 ? Joseph Oughourlian
72%
De quel pays est originaire Hafiz Mammadov, propriétaire du club de 2013 à 2016 ? Azerbaïdjan
68%
Qui est actuellement la plus grosse vente de l’histoire du club (pour 45+5 M€) ? Loïs Openda
64%
Qui est actuellement le meilleur buteur de l’histoire du club avec 124 buts ? Ahmed Oudjani
56%
Quel ancien joueur et entraîneur a remporté l'Euro 2000 sur le banc des bleus ? Roger Lemerre
44%
Aucun quiz correspondant
Distribution des résultats
% des personnes avec chaque résultat
Percentile par nombre de réponses
Votre historique - résultats
Vous n’avez pas pris ce quiz depuis la dernière actualisation